000 00576nam a2200229Ia 4500
003 OSt
005 20220924142526.0
006 a|||||r|||| 00| 0
007 ta
008 220923b |||||||| |||| 00| 0 mni d
024 _a302317
037 _cTextual
040 _aARTS
_cARTS
_bmni
041 _2mni
_amni
082 _aO446114,1NMO,1, K9
100 _aChandrasingha
_9213567
245 0 _aKhahingmba
260 _c1969
650 _aMANIPURI LITERATURE
942 _hO446114,1NMO,1, K9
_cTEXL
_2CC
999 _c451039
_d451039